000 00477nam a2200193Ia 4500
005 20250324064627.0
008 240331s9999 xx 000 0 und d
020 _a8170992958
082 _a303
_bSIN
_2934
100 _aSingh, A. K
245 4 _aThe Social Psychology of Poverty
260 _aNew Delhi,
_bMittal Publications
_c1991
300 _aviii, 148 p.,
650 _aPoverty
650 _aSociety
650 _aSocial Science
650 _aPsychology
942 _cL
999 _c1210
_d1210